ARRUPE JESUIT UNIVERSITY

CORONAVIRUS -STOP THE SPREAD - CLEAN,DISINFECT,COVER

The proverbs of Kigezi and Ankole (Uganda) / (Record no. 118345)

MARC details
000 -LEADER
fixed length control field 01280nam a2200361 a 4500
001 - CONTROL NUMBER
control field 4832306
003 - CONTROL NUMBER IDENTIFIER
control field ARRUPE
005 - DATE AND TIME OF LATEST TRANSACTION
control field 20131014123950.0
008 - FIXED-LENGTH DATA ELEMENTS--GENERAL INFORMATION
fixed length control field 891206s1987 ug ab b 001 0 eng d
010 ## - LIBRARY OF CONGRESS CONTROL NUMBER
LC control number 89980922
035 ## - SYSTEM CONTROL NUMBER
System control number (OCoLC)18313307
040 ## - CATALOGING SOURCE
Original cataloging agency DSI
Transcribing agency DLC
Modifying agency DLC
042 ## - AUTHENTICATION CODE
Authentication code lccopycat
043 ## - GEOGRAPHIC AREA CODE
Geographic area code f-ug---
050 04 - LIBRARY OF CONGRESS CALL NUMBER
Classification number PN6519.U4
Item number C57 1987
300 ## - PHYSICAL DESCRIPTION
Other physical details ill., maps ;
Dimensions 24 cm.
100 1# - MAIN ENTRY--PERSONAL NAME
Personal name Cisternino, Marius.
9 (RLIN) 2515
245 14 - TITLE STATEMENT
Title The proverbs of Kigezi and Ankole (Uganda) /
Statement of responsibility, etc Marius Cisternino.
260 ## - PUBLICATION, DISTRIBUTION, ETC. (IMPRINT)
Place of publication, distribution, etc Kampala :
Name of publisher, distributor, etc Comboni Missionaries ; Roma :
-- Missionari comboniani,
Date of publication, distribution, etc 1987.
300 ## - PHYSICAL DESCRIPTION
Extent 469, [2] p. :
490 1# - SERIES STATEMENT
Series statement Museum Combonianum ;
Volume number/sequential designation no. 41
504 ## - BIBLIOGRAPHY, ETC. NOTE
Bibliography, etc Includes bibliographical references (p. [470]-[471]) and indexes.
650 #0 - SUBJECT ADDED ENTRY--TOPICAL TERM
Topical term or geographic name as entry element Proverbs, Ugandan.
9 (RLIN) 2516
650 #0 - SUBJECT ADDED ENTRY--TOPICAL TERM
Topical term or geographic name as entry element Nyankore-Kiga language.
9 (RLIN) 2517
650 #0 - SUBJECT ADDED ENTRY--TOPICAL TERM
Topical term or geographic name as entry element Hima (African people)
9 (RLIN) 2518
650 #0 - SUBJECT ADDED ENTRY--TOPICAL TERM
Topical term or geographic name as entry element Bairo (African people)
9 (RLIN) 2519
651 #0 - SUBJECT ADDED ENTRY--GEOGRAPHIC NAME
Geographic name Kigezi (Uganda)
9 (RLIN) 2520
651 #0 - SUBJECT ADDED ENTRY--GEOGRAPHIC NAME
Geographic name Ankole (Uganda)
9 (RLIN) 2521
710 2# - ADDED ENTRY--CORPORATE NAME
Corporate name or jurisdiction name as entry element Sons of the Sacred Heart of Verona.
9 (RLIN) 2522
830 #0 - SERIES ADDED ENTRY--UNIFORM TITLE
Uniform title Museum Combonianum ;
Volume number/sequential designation n. 42.
9 (RLIN) 2523
906 ## - LOCAL DATA ELEMENT F, LDF (RLIN)
a 7
b cbc
c copycat
d 3
e ncip
f 19
g y-gencatlg
942 ## - ADDED ENTRY ELEMENTS (KOHA)
Source of classification or shelving scheme Library of Congress Classification
Koha item type Monograph ( Printed materials)
Holdings
Withdrawn status Lost status Source of classification or shelving scheme Damaged status Not for loan Collection code Home library Current library Shelving location Date acquired Total Checkouts Full call number Barcode Date last seen Date checked out Price effective from Koha item type Copy number
    Library of Congress Classification     Main Collection ARRUPE LIBRARY ARRUPE LIBRARY Main Collection 14/10/2013 12 PN6519.U4 C57 1987 46411011 27/03/2019 19/02/2018 14/10/2013 Monograph ( Printed materials)  
    Library of Congress Classification     Main Collection ARRUPE LIBRARY ARRUPE LIBRARY Main Collection 28/10/2014   PN6519.U4 C57 1987 46500001294 27/03/2019   28/10/2014 Monograph ( Printed materials) 2

 

Arrupe Library. PO Box MP320 Mt Pleasant, Harare, Zimbabwe
263 242 745411|librarian@aju.ac.zw